<?xml version="1.0" encoding="UTF-8"?>
<collection xmlns="http://www.loc.gov/MARC21/slim">
 <record>
  <leader>01202nam a2200289 a 4500</leader>
  <controlfield tag="001">2612061</controlfield>
  <controlfield tag="003">BD-DhAAL</controlfield>
  <controlfield tag="005">20230618121723.0</controlfield>
  <controlfield tag="008">090816s2009    bg       b    100 0 eng d</controlfield>
  <datafield tag="010" ind1=" " ind2=" ">
   <subfield code="a">   97906931 </subfield>
  </datafield>
  <datafield tag="040" ind1=" " ind2=" ">
   <subfield code="a">DLC</subfield>
   <subfield code="c">DLC</subfield>
   <subfield code="d">BD-DhAAL</subfield>
  </datafield>
  <datafield tag="082" ind1="0" ind2="0">
   <subfield code="a">362.82/92095492</subfield>
   <subfield code="2">23</subfield>
  </datafield>
  <datafield tag="100" ind1="1" ind2=" ">
   <subfield code="a">Mannan,M.A. </subfield>
   <subfield code="9">1360</subfield>
  </datafield>
  <datafield tag="245" ind1="0" ind2="0">
   <subfield code="a">An inventory and statistics violence against women in Bangladesh :</subfield>
   <subfield code="b">who is doing what and where/</subfield>
   <subfield code="c">M.A. Mannan, Salma Chaudhuri Zohir.</subfield>
  </datafield>
  <datafield tag="260" ind1=" " ind2=" ">
   <subfield code="a">Dhaka :</subfield>
   <subfield code="b">Bangladesh Institute of Development Studies(BIDS),</subfield>
   <subfield code="c">2009.</subfield>
  </datafield>
  <datafield tag="300" ind1=" " ind2=" ">
   <subfield code="a">161 pages ;</subfield>
   <subfield code="c">28 cm.</subfield>
  </datafield>
  <datafield tag="504" ind1=" " ind2=" ">
   <subfield code="a">Includes bibliographical references </subfield>
  </datafield>
  <datafield tag="541" ind1="1" ind2=" ">
   <subfield code="e">18999</subfield>
  </datafield>
  <datafield tag="650" ind1=" " ind2="0">
   <subfield code="a">Poor women</subfield>
   <subfield code="z">Bangladesh</subfield>
   <subfield code="x">Social conditions.</subfield>
   <subfield code="9">54747</subfield>
  </datafield>
  <datafield tag="650" ind1=" " ind2="0">
   <subfield code="a">Abused women</subfield>
   <subfield code="z">Bangladesh.</subfield>
   <subfield code="9">1362</subfield>
  </datafield>
  <datafield tag="650" ind1=" " ind2="0">
   <subfield code="a">Family violence</subfield>
   <subfield code="z">Bangladesh.</subfield>
   <subfield code="9">1364</subfield>
  </datafield>
  <datafield tag="700" ind1=" " ind2=" ">
   <subfield code="a">Zohir,Salma Chaudhuri.</subfield>
   <subfield code="9">1365</subfield>
  </datafield>
  <datafield tag="710" ind1="2" ind2=" ">
   <subfield code="a">Bangladesh Institute of Development Studies(BIDS)</subfield>
   <subfield code="9">1366</subfield>
  </datafield>
  <datafield tag="852" ind1="4" ind2=" ">
   <subfield code="a">Ayesha Abed Library</subfield>
   <subfield code="j">General Shelf.</subfield>
  </datafield>
  <datafield tag="942" ind1=" " ind2=" ">
   <subfield code="2">ddc</subfield>
   <subfield code="c">BK</subfield>
  </datafield>
  <datafield tag="999" ind1=" " ind2=" ">
   <subfield code="c">3309</subfield>
   <subfield code="d">3309</subfield>
  </datafield>
  <datafield tag="952" ind1=" " ind2=" ">
   <subfield code="0">0</subfield>
   <subfield code="1">0</subfield>
   <subfield code="2">ddc</subfield>
   <subfield code="4">0</subfield>
   <subfield code="6">362_829209549200000_MAN</subfield>
   <subfield code="7">0</subfield>
   <subfield code="9">3000</subfield>
   <subfield code="a">BIGD</subfield>
   <subfield code="b">BIGD</subfield>
   <subfield code="c">GEN</subfield>
   <subfield code="d">2009-08-31</subfield>
   <subfield code="l">0</subfield>
   <subfield code="o">362.8292095492 MAN</subfield>
   <subfield code="p">3050018999</subfield>
   <subfield code="r">2009-08-31</subfield>
   <subfield code="t">1</subfield>
   <subfield code="w">2009-08-31</subfield>
   <subfield code="y">BK</subfield>
   <subfield code="x">Transferred from BDI to BIGD.</subfield>
  </datafield>
 </record>
</collection>
